The Punjab bloodied, partitioned and cleansed : (Record no. 16224)

000 -LEADER
fixed length control field 01205cam a2200301 i 4500
001 - CONTROL NUMBER
control field 17237939
005 - DATE AND TIME OF LATEST TRANSACTION
control field 20170105102935.0
008 - FIXED-LENGTH DATA ELEMENTS--GENERAL INFORMATION
fixed length control field 120402s2012 pk abf b 001 0 eng
010 ## - LIBRARY OF CONGRESS CONTROL NUMBER
LC control number 2011313447
020 ## - INTERNATIONAL STANDARD BOOK NUMBER
International Standard Book Number 9780199064700
025 ## - OVERSEAS ACQUISITION NUMBER
Overseas acquisition number P-E-2011313447; 31
037 ## - SOURCE OF ACQUISITION
Source of stock number/acquisition Library of Congress -- Islamabad Overseas Office
040 ## - CATALOGING SOURCE
Original cataloging agency DLC
Language of cataloging eng
Transcribing agency DLC
Description conventions rda
042 ## - AUTHENTICATION CODE
Authentication code lcode
-- pcc
043 ## - GEOGRAPHIC AREA CODE
Geographic area code a-ii---
050 00 - LIBRARY OF CONGRESS CALL NUMBER
Classification number DS485.P87
Item number A37 2012
082 ## - DEWEY DECIMAL CLASSIFICATION NUMBER
Classification number 954.504
Author Mark AHM 2012
100 1# - MAIN ENTRY--PERSONAL NAME
Personal name Ahmed, Ishtiaq,
Dates associated with a name 1947-
245 14 - TITLE STATEMENT
Title The Punjab bloodied, partitioned and cleansed :
Remainder of title unravelling the 1947 tragedy through secret British reports and first-person accounts /
Statement of responsibility, etc. Ishtiaq Ahmed.
300 ## - PHYSICAL DESCRIPTION
Extent xlviii, 592 pages, 20 pages of plates :
Other physical details illustrations, maps ;
Dimensions 25 cm
504 ## - BIBLIOGRAPHY, ETC. NOTE
Bibliography, etc. note Includes bibliographical references (pages 567-577) and index.
651 #0 - SUBJECT ADDED ENTRY--GEOGRAPHIC NAME
Geographic name Punjab (India)
General subdivision History
Chronological subdivision Partition, 1947
Form subdivision Sources.
651 #0 - SUBJECT ADDED ENTRY--GEOGRAPHIC NAME
Geographic name India
General subdivision History
Chronological subdivision Partition, 1947
Form subdivision Sources.
651 #0 - SUBJECT ADDED ENTRY--GEOGRAPHIC NAME
Geographic name India
General subdivision Politics and government
Chronological subdivision 1919-1947
Form subdivision Sources.
906 ## - LOCAL DATA ELEMENT F, LDF (RLIN)
a 7
b cbc
c origode
d 3
e ncip
f 20
g y-gencatlg
942 ## - ADDED ENTRY ELEMENTS (KOHA)
Source of classification or shelving scheme
Koha item type Book
Holdings
Withdrawn status Lost status Damaged status Not for loan Collection code Permanent Location Current Location Shelving location Date acquired Total Checkouts Full call number Barcode Date last seen Price effective from Koha item type
          Centre for International Peace & Stability (CIPS) Centre for International Peace & Stability (CIPS) General Stacks 09/10/2015   954.504 AHM 2012 CIPS0002656 09/10/2015 09/10/2015 Book
© 2023 Central Library, National University of Sciences and Technology. All Rights Reserved.